Dibujo industrial

Shranjeno v:
Bibliografske podrobnosti
Main Authors: Félez, Jesús (Author), Martínez, María Luisa (Author)
Format: Knjiga
Jezik:španščina
Izdano: Madrid Síntesis 1999
Izdaja:3a. ed
Teme:
Oznake: Označite
Brez oznak, prvi označite!

MARC

LEADER 00000nam a2200000 a 4500
001 UCI1239
003 CL-VaPUC
008 070622e19990000SP |||||||||||||||||spa|d
020 |a 8477383316 
082 0 4 |a 621.9  |b FEL  |2 21 
100 0 |a Félez, Jesús  |e author  |9 521614 
700 0 |a Martínez, María Luisa  |e author  |9 521615 
245 1 0 |a Dibujo industrial 
250 |a 3a. ed 
300 |a 655 p 
942 |c BK 
945 |d 20070622 00:00:00  |a jtorresc 
260 |a Madrid  |b Síntesis  |c 1999 
650 0 |a Metalurgia  |9 263720 
650 0 |a Metales   |9 260686 
650 7 |a TRABAJADO DE METALES  |2 CL-VaPUC  |9 344423 
650 0 |a Máquinas herramientas  |9 262583 
650 7 |a DIBUJO INDUSTRIAL  |2 CL-VaPUC  |9 428968 
583 |a last modification  |c 20160921 11:04:23  |k Rodrigo Vera 
999 |c 326079  |d 326077 
952 |0 0  |1 0  |4 0  |6 621_900000000000000_FEL_1999  |7 0  |8 A  |9 407767  |a BIBMEC  |b BIBMEC  |d 2019-11-22  |i 4350855  |o 621.9 FEL 1999  |p 4350855  |r 2024-01-19  |w 2019-11-22  |y BK  |k MEC